000 00504nam a2200193Ia 4500
003 GCL
008 140319s9999 xx 000 0 eng d
040 _aGCL /
_cGCL
082 0 4 _a708
_bM M
100 1 _aMENZ, HENNER
245 1 0 _aMAITRES LA NEERIANDAIS GALERIE ALLEMANDS DE ET DRESDE ANGLAIS /
_cMENZ, HENNER
260 _a[S.N] :
_bVEB EDITION LEIPZIG ،
_c1962
300 _a19+40 PLANTE
650 0 4 _aGERMANY
650 0 4 _aARTS
650 0 4 _aPAINTING
650 0 4 _aHOLLAND
942 _2ddc
_cBK
999 _c19395
_d19395